Energy atlas of the USSR.

Bibliographic Details
Corporate Author: National Foreign Assessment Center (U.S.)
Format: Book
Language:English
Published: Boston : Jones & Bartlett, 1985.
Subjects:

MARC

Tag First Indicator Second Indicator Subfields
LEADER 00000cam a2200000 a 4500
001 in00000436721
005 20151012073158.0
008 850828r19851981mauab 00100 eng
010 |a  85675557  
020 |a 086720060X 
034 0 |a a 
035 |a (OCoLC)12551995 
035 |9 ABX0240AM 
039 0 |a 2  |b 3  |c 3  |d 3  |e 3 
040 |a DLC  |c DLC  |d TXA  |d UtOrBLW 
043 |a e-ur--- 
049 |a TXAC  |c [A10033531] 
050 0 0 |a G2111.H5  |b N3 1985 
082 0 |a 912/.133379/0947  |2 19 
110 2 |a National Foreign Assessment Center (U.S.) 
245 1 0 |a Energy atlas of the USSR. 
255 |a Scales differ. 
264 1 |a Boston :  |b Jones & Bartlett,  |c 1985. 
300 |a 1 atlas (79 pages) :  |b color illustrations, color maps ;  |c 38 cm. 
336 |a text  |b txt  |2 rdacontent 
337 |a unmediated  |b n  |2 rdamedia 
338 |a volume  |b nc  |2 rdacarrier 
500 |a Originally published: USSR energy atlas. Washington, D.C. : National Foreign Assessment Center, 1981. 
500 |a On folded leaf in pocket: USSR energy atlas reference map / Central Intelligence Agency, January, 1985. Scale 1:12,000,000. 
500 |a Includes gazetteer and index. 
650 0 |a Energy development  |z Soviet Union  |x Maps. 
650 0 |a Renewable energy sources  |z Soviet Union  |x Maps. 
650 0 |a Fuel  |x Research  |z Soviet Union  |x Maps. 
650 0 |a Electric power  |z Soviet Union  |x Maps. 
650 0 |a Power resources  |z Soviet Union  |x Maps. 
651 0 |a Soviet Union  |v Maps. 
710 2 |a National Foreign Assessment Center (U.S.).  |t USSR energy atlas. 
999 |a MARS 
999 f f |s 4f2bb91b-5456-3855-a12b-bc82b8d5751f  |i 4d55ee83-7322-3673-82a3-eba14a4d85ee  |t 0 
952 f f |p normal  |a Texas A&M University  |b College Station  |c Sterling C. Evans Library  |d Evans: Maps (2nd floor)  |t 0  |e G2111.H5 N3 1985  |f Oversize  |h Library of Congress classification  |i unmediated -- volume  |m A14833901787 
998 f f |a G2111.H5 N3 1985  |t 0  |l Evans: Maps (2nd floor)